000 01027nam a2200253 a 4500
005 20151215051842.0
008 151215b2005 xxu|||||r|||| 00| 0 spa d
040 _aCO-BoIAVH
_cCO-BoIAVH
041 0 _aspa
044 _ack
082 0 4 _a333.9516
_bM47e
090 _aLB
_b05492
100 1 _aMaza Elvira, Javier de la
245 1 0 _aEstado actual de las áreas naturales protegidas de América Latina y el Caribe /
_cJavier de la Maza Elvira, Rosaura Cadena González & Celia Piguerón Wirz
260 _as.l.
_bPNUMA,
_c2003.
300 _a108 páginas :
_bilustraciones, gráficas, tablas ;
_c21 x 27 cm.
504 _aIncluye referencias bibliográficas (páginas 106-108).
650 4 _aÁreas Naturales Protegidas
_xEstado
_zAmérica Latina
650 4 _aÁreas Naturales Protegidas
_zAmérica Latina
650 4 _aÁreas Naturales Protegidas
_xBiodiversidad
_zAmérica Latina
700 1 _aCadena Gónzalez, Rosaura
700 1 _aPiguerón Wirz, Celia
942 _cLIBRO
_2ddc
999 _c6914
_d6914